000 00337nam a2200133Ia 4500
005 20260328104310.0
008 260328s9999||||xx |||||||||||||| ||und||
100 _aHintzen-Bohlen, Brigitte
245 0 _aRoma, Arte y Arquitectura /
_cBrigitte Hintzen-Bohlen
260 _bFullmann
300 _a626 p.
650 _aROMA
942 _cBK
999 _c10902
_d10902